000 00781nam a22002417a 4500
005 20161102020002.0
008 140311b1993 ck |||||r||||o00| 0 spa d
020 _a9037143
041 _aspa
044 _ack
082 _a558.0986
_bR43h
100 1 0 _aRestrepo-Forero, Olga
_920198
245 1 0 _aHistoria Natural y Ciencias Agropecuarias :
_bTomo III
_cOlga Restrepo, Lusi Carlos Arboleda y Jesus Bejarano
260 _aBogotá
_bColciencias
_c1993
300 _a459 p.
_c23 cm.
490 _aHistoria Social de la Ciencia en Colombia
_vTomo 3
650 6 _aHistoria natural
_93809
650 6 _aOrigen de la vida
_920199
650 6 _aAgricultura
_zColombia
_920200
700 1 _aArboleda, Luis Carlos
_920201
700 1 _aBejarano, Jesús
_920202
942 _2ddc
_cImpreso
_07
999 _c8263
_d8263